[Event "DSJ Weihnachtsturnier U20w 2020"]
[Site "https://play.chessbase.com/en/play?room=DSJWeihnachtU20w"]
[Date "2020.12.29"]
[Round "2"]
[White "Buchholz, Maja"]
[Black "Röll, Lea"]
[Result "1-0"]
[Termination "normal"]
[Board "9.2"]
[WhiteElo "1713"]
[BlackElo "1079"]
[WhiteTeam "VSG 1880 Offenbach"]
[BlackTeam "Schach-Club Vaterstetten-Grasbrunn"]
[PlyCount "55"]
[WhiteFideId "16200500"]
[BlackFideId "16255437"]
[EventRounds "7"]
[EventType "team-swiss"]
[EventDate "2020.12.29"]

1. c4 {[%emt 0:00:05]} c6 {[%emt 0:00:03]} 2. g3 {[%emt 0:00:02]} d5 {[%emt 0:
00:03]} 3. Bg2 {[%emt 0:00:03]} Bf5 {[%emt 0:00:09]} 4. Nf3 {[%emt 0:00:08]}
Nf6 {[%emt 0:00:08]} 5. O-O {[%emt 0:00:02]} e6 {[%emt 0:00:05]} 6. cxd5 {
[%emt 0:00:03]} cxd5 {[%emt 0:00:06]} 7. d3 {[%emt 0:00:02]} Bc5 {[%emt 0:00:
03]} 8. Nc3 {[%emt 0:00:06]} O-O {[%emt 0:00:08]} 9. Re1 {[%emt 0:00:07]} Nbd7
{[%emt 0:00:02]} 10. e4 {[%emt 0:00:05]} dxe4 {[%emt 0:00:07]} 11. dxe4 { [%emt
0:00:02]} Bg6 {[%emt 0:00:09]} 12. Bg5 {[%emt 0:00:10]} Qc7 {[%emt 0:00: 16]}
13. e5 {[%emt 0:00:25]} Ng4 {[%emt 0:00:15]} 14. Re2 {[%emt 0:00:28]} Bh5
{[%emt 0:00:18]} 15. Rd2 {[%emt 0:00:30]} Ngxe5 {[%emt 0:00:11]} 16. Bf4 {
[%emt 0:00:10]} Rad8 {[%emt 0:00:42]} 17. h3 {[%emt 0:00:24]} Bxf3 {[%emt 0:00:
12]} 18. Bxf3 {[%emt 0:00:05]} Qb6 {[%emt 0:00:12]} 19. Bg2 {[%emt 0:00:21]} f6
{[%emt 0:01:35]} 20. Na4 {[%emt 0:00:16]} Qb4 {[%emt 0:00:16]} 21. Nxc5 { [%emt
0:00:09]} Qxc5 {[%emt 0:00:16]} 22. Bxe5 {[%emt 0:00:13]} Qxe5 {[%emt 0:
00:12]} 23. Rxd7 {[%emt 0:00:03]} Rxd7 {[%emt 0:00:08]} 24. Qxd7 {[%emt 0:00:
01]} Qxb2 {[%emt 0:00:14]} 25. Qxe6+ {[%emt 0:00:04]} Rf7 {[%emt 0:00:07]} 26.
Qe8+ {[%emt 0:00:06]} Rf8 {[%emt 0:00:07]} 27. Bd5+ {[%emt 0:00:01]} Kh8 {
[%emt 0:00:03]} 28. Qxf8# {[%emt 0:00:01]} 1-0

[Event "DSJ Weihnachtsturnier U20w 2020"]
[Site "https://play.chessbase.com/en/play?room=DSJWeihnachtU20w"]
[Date "2020.12.29"]
[Round "2"]
[White "Röll, Laura"]
[Black "Dixon Quiroz, Laura Michaela"]
[Result "0-1"]
[Termination "normal"]
[Board "9.3"]
[WhiteElo "1038"]
[BlackElo "1304"]
[WhiteTeam "Schach-Club Vaterstetten-Grasbrunn"]
[BlackTeam "VSG 1880 Offenbach"]
[PlyCount "56"]
[WhiteFideId "16213394"]
[BlackFideId "16248708"]
[EventRounds "7"]
[EventType "team-swiss"]
[EventDate "2020.12.29"]

1. e4 {[%emt 0:00:05]} d5 {[%emt 0:00:05]} 2. exd5 {[%emt 0:00:03]} Qxd5 {
[%emt 0:00:11]} 3. Nc3 {[%emt 0:00:04]} Qd6 {[%emt 0:00:04]} 4. Bc4 {[%emt 0:
00:09]} c6 {[%emt 0:00:08]} 5. Nf3 {[%emt 0:00:08]} Bg4 {[%emt 0:00:09]} 6. d3
{[%emt 0:00:13]} Nd7 {[%emt 0:00:27]} 7. Be3 {[%emt 0:00:07]} e6 {[%emt 0:00:
21]} 8. Qe2 {[%emt 0:00:18]} Be7 {[%emt 0:00:24]} 9. Ne4 {[%emt 0:00:10]} Qc7 {
[%emt 0:00:05]} 10. h3 {[%emt 0:00:11]} Bh5 {[%emt 0:00:05]} 11. g4 {[%emt 0:
00:11]} Bg6 {[%emt 0:00:07]} 12. O-O-O {[%emt 0:00:09]} Ngf6 {[%emt 0:00:07]}
13. Nfg5 {[%emt 0:00:12] Offenba2-003 reconnected.} h6 {[%emt 0:01:40]} 14. Nf3
{[%emt 0:00:10]} b5 {[%emt 0:00:14]} 15. Bb3 {[%emt 0:00:04]} a5 {[%emt 0:00:
10]} 16. a3 {[%emt 0:00:11]} a4 {[%emt 0:00:14]} 17. Ba2 {[%emt 0:00:03]} Nd5 {
[%emt 0:00:16]} 18. Nd4 {[%emt 0:00:23]} Qb7 {[%emt 0:00:21]} 19. f4 {[%emt 0:
00:14]} b4 {[%emt 0:00:21]} 20. Bxd5 {[%emt 0:00:44]} cxd5 {[%emt 0:00:08]} 21.
Ng3 {[%emt 0:00:27]} bxa3 {[%emt 0:00:08]} 22. bxa3 {[%emt 0:00:16]} Bxa3+ {
[%emt 0:00:06]} 23. Kd2 {[%emt 0:00:13]} Bb4+ {[%emt 0:00:25]} 24. Kc1 { [%emt
0:00:08]} a3 {[%emt 0:00:22]} 25. Nb3 {[%emt 0:00:05]} Bc3 {[%emt 0:00: 08]}
26. Kb1 {[%emt 0:00:07]} a2+ {[%emt 0:00:04]} 27. Kc1 {[%emt 0:00:07]} a1=Q+
{[%emt 0:00:04]} 28. Nxa1 {[%emt 0:00:13]} Qb2# {[%emt 0:00:12]} 0-1

[Event "DSJ Weihnachtsturnier U20w 2020"]
[Site "https://play.chessbase.com/en/play?room=DSJWeihnachtU20w"]
[Date "2020.12.29"]
[Round "2"]
[White "Alferova, Emily"]
[Black "Gubler, Katharina"]
[Result "1-0"]
[Termination "normal"]
[Board "10.1"]
[WhiteElo "1365"]
[BlackElo "1330"]
[WhiteTeam "SC Garching 1980"]
[BlackTeam "SK Kelheim 1920"]
[PlyCount "87"]
[WhiteFideId "16265904"]
[BlackFideId "16282990"]
[EventRounds "7"]
[EventType "team-swiss"]
[EventDate "2020.12.29"]

1. e4 {[%emt 0:00:09]} e5 {[%emt 0:00:10]} 2. Nf3 {[%emt 0:00:04]} Nf6 { [%emt
0:00:04]} 3. Nc3 {[%emt 0:00:09]} Nc6 {[%emt 0:00:03]} 4. Bb5 {[%emt 0: 00:15]}
Bc5 {[%emt 0:00:05]} 5. O-O {[%emt 0:00:07]} d6 {[%emt 0:00:05]} 6. d4 {[%emt
0:00:15]} exd4 {[%emt 0:00:16]} 7. Nxd4 {[%emt 0:00:08]} Bxd4 {[%emt 0: 00:07]}
8. Qxd4 {[%emt 0:00:06]} O-O {[%emt 0:00:07]} 9. Bxc6 {[%emt 0:00:10]} bxc6
{[%emt 0:00:03]} 10. b3 {[%emt 0:00:20]} Re8 {[%emt 0:00:06]} 11. f3 { [%emt
0:00:13]} d5 {[%emt 0:00:17]} 12. Bg5 {[%emt 0:01:03]} h6 {[%emt 0:00:44] } 13.
Bxf6 {[%emt 0:00:08]} Qxf6 {[%emt 0:00:03]} 14. Qxf6 {[%emt 0:00:06]} gxf6
{[%emt 0:00:02]} 15. exd5 {[%emt 0:01:19]} Bf5 {[%emt 0:00:11]} 16. dxc6 {
[%emt 0:00:17]} Bxc2 {[%emt 0:00:06]} 17. Rac1 {[%emt 0:00:35]} Bd3 {[%emt 0:
00:13]} 18. Rfd1 {[%emt 0:00:06]} Bf5 {[%emt 0:00:08]} 19. Nd5 {[%emt 0:00:12]}
Red8 {[%emt 0:01:01]} 20. Ne7+ {[%emt 0:00:07]} Kf8 {[%emt 0:00:17]} 21. Nxf5 {
[%emt 0:00:06]} Re8 {[%emt 0:00:06]} 22. Rd7 {[%emt 0:00:13]} Re5 {[%emt 0:00:
16]} 23. Nxh6 {[%emt 0:00:06]} Kg7 {[%emt 0:00:35]} 24. Nxf7 {[%emt 0:00:17]}
Re3 {[%emt 0:00:09]} 25. Rxc7 {[%emt 0:00:30]} Kg6 {[%emt 0:00:18]} 26. Rd7 {
[%emt 0:00:08]} Rae8 {[%emt 0:00:06]} 27. c7 {[%emt 0:00:08]} Re1+ {[%emt 0:00:
05]} 28. Rxe1 {[%emt 0:00:10]} Rxe1+ {[%emt 0:00:02]} 29. Kf2 {[%emt 0:00:03]}
Rc1 {[%emt 0:00:03]} 30. Nd6 {[%emt 0:00:09]} a5 {[%emt 0:00:08]} 31. c8=Q {
[%emt 0:00:04]} Rxc8 {[%emt 0:00:03]} 32. Nxc8 {[%emt 0:00:01]} f5 {[%emt 0:00:
10]} 33. Ra7 {[%emt 0:00:02]} a4 {[%emt 0:00:03]} 34. Rxa4 {[%emt 0:00:01]} Kg5
{[%emt 0:00:03]} 35. b4 {[%emt 0:00:01]} f4 {[%emt 0:00:03]} 36. b5 {[%emt 0:
00:00]} Kf6 {[%emt 0:00:02]} 37. b6 {[%emt 0:00:00]} Ke6 {[%emt 0:00:05]} 38.
b7 {[%emt 0:00:00]} Kd5 {[%emt 0:00:02]} 39. b8=Q {[%emt 0:00:07]} Ke6 { [%emt
0:00:03]} 40. Ra6+ {[%emt 0:00:04]} Kd5 {[%emt 0:00:02]} 41. Qd6+ { [%emt
0:00:03]} Kc4 {[%emt 0:00:02]} 42. Rc6+ {[%emt 0:00:03]} Kb5 {[%emt 0:00: 02]}
43. Qc5+ {[%emt 0:00:07]} Ka4 {[%emt 0:00:02]} 44. Ra6# {[%emt 0:00:02]} 1-0

[Event "DSJ Weihnachtsturnier U20w 2020"]
[Site "https://play.chessbase.com/en/play?room=DSJWeihnachtU20w"]
[Date "2020.12.29"]
[Round "2"]
[White "Bangsa, Citra"]
[Black "Frowein, Katja"]
[Result "1-0"]
[Termination "normal"]
[Board "10.2"]
[WhiteElo "1398"]
[BlackElo "1377"]
[WhiteTeam "SK Kelheim 1920"]
[BlackTeam "SC Garching 1980"]
[PlyCount "99"]
[WhiteFideId "34605274"]
[BlackFideId "16282949"]
[EventRounds "7"]
[EventType "team-swiss"]
[EventDate "2020.12.29"]

1. e4 {[%emt 0:00:21]} c5 {[%emt 0:00:02]} 2. Nf3 {[%emt 0:00:01]} d6 {[%emt 0:
00:01]} 3. d4 {[%emt 0:00:01]} cxd4 {[%emt 0:00:02]} 4. Nxd4 {[%emt 0:00:01]}
Nc6 {[%emt 0:00:02]} 5. Bb5 {[%emt 0:00:03]} Bd7 {[%emt 0:00:03]} 6. Nxc6 {
[%emt 0:00:03]} Bxc6 {[%emt 0:00:07]} 7. Bxc6+ {[%emt 0:00:02]} bxc6 {[%emt 0:
00:02]} 8. O-O {[%emt 0:00:02]} Nf6 {[%emt 0:00:02]} 9. Nc3 {[%emt 0:00:07]}
Qb6 {[%emt 0:00:05]} 10. Re1 {[%emt 0:00:10]} g6 {[%emt 0:00:12]} 11. Na4 {
[%emt 0:00:03]} Qb5 {[%emt 0:00:12]} 12. b3 {[%emt 0:00:04]} Bg7 {[%emt 0:00:
03]} 13. Bb2 {[%emt 0:00:02]} O-O {[%emt 0:00:03]} 14. Qe2 {[%emt 0:00:13]}
Rab8 {[%emt 0:00:44]} 15. e5 {[%emt 0:00:11]} Qxe2 {[%emt 0:00:10]} 16. Rxe2 {
[%emt 0:00:03]} Ng4 {[%emt 0:00:07]} 17. exd6 {[%emt 0:00:07]} exd6 {[%emt 0:
00:04]} 18. Bxg7 {[%emt 0:00:08]} Kxg7 {[%emt 0:00:02]} 19. Re7 {[%emt 0:00:06]
} a5 {[%emt 0:00:12]} 20. Nb2 {[%emt 0:00:11]} Rfe8 {[%emt 0:00:16]} 21. Ra7 {
[%emt 0:00:27]} Re2 {[%emt 0:00:07]} 22. f3 {[%emt 0:00:07]} Rxc2 {[%emt 0:00:
05]} 23. fxg4 {[%emt 0:00:04]} Rxb2 {[%emt 0:00:02]} 24. Rxa5 {[%emt 0:00:03]}
c5 {[%emt 0:00:17]} 25. Ra4 {[%emt 0:00:15]} d5 {[%emt 0:00:06]} 26. Rf4 {
[%emt 0:00:04]} Ra8 {[%emt 0:00:12]} 27. Rf2 {[%emt 0:00:03]} Rxf2 {[%emt 0:00:
13]} 28. Kxf2 {[%emt 0:00:02]} Ra6 {[%emt 0:00:04]} 29. Ke3 {[%emt 0:00:14]}
Kf6 {[%emt 0:00:04]} 30. h4 {[%emt 0:00:34]} Ke5 {[%emt 0:00:03]} 31. g3 {
[%emt 0:00:02]} f5 {[%emt 0:00:13]} 32. g5 {[%emt 0:00:20]} c4 {[%emt 0:00:16]}
33. bxc4 {[%emt 0:00:17]} dxc4 {[%emt 0:00:02]} 34. Rc1 {[%emt 0:00:01]} Ra3+ {
[%emt 0:00:07]} 35. Kf2 {[%emt 0:00:09]} Rxa2+ {[%emt 0:00:02]} 36. Ke3 { [%emt
0:00:26]} Ra3+ {[%emt 0:00:02]} 37. Kf2 {[%emt 0:00:02]} Kd4 {[%emt 0:00: 01]}
38. Rd1+ {[%emt 0:00:21]} Ke4 {[%emt 0:00:14]} 39. Re1+ {[%emt 0:00:06]} Kd3
{[%emt 0:00:07]} 40. Re3+ {[%emt 0:00:02]} Kd2 {[%emt 0:00:07]} 41. Rxa3 {
[%emt 0:00:05]} c3 {[%emt 0:00:01]} 42. Ra7 {[%emt 0:00:08]} c2 {[%emt 0:00:08]
} 43. Rd7+ {[%emt 0:00:02]} Kc1 {[%emt 0:00:07]} 44. Ke2 {[%emt 0:00:05]} Kb2 {
[%emt 0:00:03]} 45. Rb7+ {[%emt 0:00:02]} Kc1 {[%emt 0:00:07]} 46. Ke1 { [%emt
0:00:20]} h5 {[%emt 0:00:13]} 47. gxh6 {[%emt 0:00:02]} g5 {[%emt 0:00: 05]}
48. h7 {[%emt 0:00:03]} gxh4 {[%emt 0:00:02]} 49. h8=Q {[%emt 0:00:05]} hxg3
{[%emt 0:00:01]} 50. Qa1# {[%emt 0:00:02]} 1-0

[Event "DSJ Weihnachtsturnier U20w 2020"]
[Site "https://play.chessbase.com/en/play?room=DSJWeihnachtU20w"]
[Date "2020.12.29"]
[Round "2"]
[White "Muhina, Liana"]
[Black "Neumeier, Valentina"]
[Result "1-0"]
[Termination "normal"]
[Board "10.3"]
[WhiteElo "1273"]
[BlackElo "986"]
[WhiteTeam "SC Garching 1980"]
[BlackTeam "SK Kelheim 1920"]
[PlyCount "55"]
[WhiteFideId "16266145"]
[BlackFideId "34608222"]
[EventRounds "7"]
[EventType "team-swiss"]
[EventDate "2020.12.29"]

1. e4 {[%emt 0:00:06]} e5 {[%emt 0:00:08]} 2. Nf3 {[%emt 0:00:05]} Nc6 { [%emt
0:00:01]} 3. d4 {[%emt 0:00:12]} d6 {[%emt 0:00:04]} 4. d5 {[%emt 0:00: 02]}
Nce7 {[%emt 0:00:05]} 5. Nc3 {[%emt 0:00:05]} Nf6 {[%emt 0:00:04]} 6. Bg5
{[%emt 0:00:07]} Bg4 {[%emt 0:00:07]} 7. h3 {[%emt 0:00:24]} Bh5 {[%emt 0:00:
06]} 8. g4 {[%emt 0:00:25]} Bg6 {[%emt 0:00:04]} 9. Bxf6 {[%emt 0:00:11]} gxf6
{[%emt 0:00:02]} 10. h4 {[%emt 0:00:02]} h5 {[%emt 0:00:07]} 11. Bh3 {[%emt 0:
01:19]} Bh6 {[%emt 0:00:09]} 12. g5 {[%emt 0:00:25]} fxg5 {[%emt 0:00:07]} 13.
hxg5 {[%emt 0:00:03]} Bg7 {[%emt 0:00:11]} 14. Qe2 {[%emt 0:00:20]} c6 { [%emt
0:00:10]} 15. O-O-O {[%emt 0:00:45]} Qb6 {[%emt 0:00:32]} 16. Kb1 { [%emt
0:00:44]} f5 {[%emt 0:00:32]} 17. gxf6 {[%emt 0:00:35]} Bxf6 {[%emt 0:00: 04]}
18. Rhg1 {[%emt 0:01:08]} Rg8 {[%emt 0:00:05]} 19. Rg2 {[%emt 0:00:20]} Bf7
{[%emt 0:00:25]} 20. Rxg8+ {[%emt 0:00:09]} Bxg8 {[%emt 0:00:02]} 21. Rg1 {
[%emt 0:00:03]} cxd5 {[%emt 0:00:20]} 22. Nxd5 {[%emt 0:00:24]} Bxd5 {[%emt 0:
00:06]} 23. exd5 {[%emt 0:00:05]} Qc5 {[%emt 0:00:37]} 24. Qd3 {[%emt 0:00:36]}
Qxf2 {[%emt 0:00:38]} 25. Qb5+ {[%emt 0:00:04]} Kd8 {[%emt 0:00:14]} 26. Qxb7 {
[%emt 0:00:10]} Rc8 {[%emt 0:00:08]} 27. Bxc8 {[%emt 0:00:16]} Nxc8 {[%emt 0:
00:10]} 28. Rg8# {[%emt 0:00:08]} 1-0

[Event "DSJ Weihnachtsturnier U20w 2020"]
[Site "https://play.chessbase.com/en/play?room=DSJWeihnachtU20w"]
[Date "2020.12.29"]
[Round "2"]
[White "Weiß, Sara"]
[Black "Muhina, Alina"]
[Result "0-1"]
[Termination "normal"]
[Board "10.4"]
[WhiteElo "783"]
[BlackElo "1286"]
[WhiteTeam "SK Kelheim 1920"]
[BlackTeam "SC Garching 1980"]
[PlyCount "72"]
[WhiteFideId "34628436"]
[BlackFideId "16298322"]
[EventRounds "7"]
[EventType "team-swiss"]
[EventDate "2020.12.29"]

1. e4 {[%emt 0:00:26] Garchin1-004 reconnected.} c6 {[%emt 0:00:21]} 2. Bc4 {
[%emt 0:00:05]} d5 {[%emt 0:00:05]} 3. exd5 {[%emt 0:00:03]} cxd5 {[%emt 0:00:
02]} 4. Bb3 {[%emt 0:00:04]} Nf6 {[%emt 0:00:04]} 5. Qf3 {[%emt 0:00:07]} Bg4 {
[%emt 0:00:04]} 6. Qf4 {[%emt 0:00:10]} Nc6 {[%emt 0:00:06]} 7. f3 {[%emt 0:00:
08]} e5 {[%emt 0:00:02]} 8. Qe3 {[%emt 0:00:06]} Bf5 {[%emt 0:00:06]} 9. g4 {
[%emt 0:00:05]} Be6 {[%emt 0:00:07]} 10. Nc3 {[%emt 0:00:02]} d4 {[%emt 0:00:
04]} 11. Qd3 {[%emt 0:00:05]} dxc3 {[%emt 0:00:02]} 12. Qxc3 {[%emt 0:00:02]}
Bxb3 {[%emt 0:00:03]} 13. Qxb3 {[%emt 0:00:04]} Qb6 {[%emt 0:00:06]} 14. Qa4 {
[%emt 0:00:13]} Bd6 {[%emt 0:00:14]} 15. Ne2 {[%emt 0:00:08]} O-O {[%emt 0:00:
05]} 16. Nc3 {[%emt 0:00:03]} Rfe8 {[%emt 0:00:08]} 17. Nb5 {[%emt 0:00:05]}
Nb4 {[%emt 0:00:17]} 18. Nxd6 {[%emt 0:00:07]} Qxd6 {[%emt 0:00:03]} 19. c3 {
[%emt 0:00:17]} Nd3+ {[%emt 0:00:04]} 20. Kd1 {[%emt 0:00:08]} Nf2+ {[%emt 0:
00:02]} 21. Ke1 {[%emt 0:00:09]} Nxh1 {[%emt 0:00:02]} 22. Qb4 {[%emt 0:00:06]}
Qxb4 {[%emt 0:00:04]} 23. cxb4 {[%emt 0:00:02]} e4 {[%emt 0:00:01]} 24. fxe4 {
[%emt 0:00:02]} Rxe4+ {[%emt 0:00:05]} 25. Kf1 {[%emt 0:00:05]} Nxg4 {[%emt 0:
00:03]} 26. Kg1 {[%emt 0:00:02]} Nhf2 {[%emt 0:00:02]} 27. d3 {[%emt 0:00:10]}
Nxd3 {[%emt 0:00:04]} 28. Bg5 {[%emt 0:00:05]} h6 {[%emt 0:00:11]} 29. Rf1 {
[%emt 0:00:08]} hxg5 {[%emt 0:00:05]} 30. b3 {[%emt 0:00:11]} Rae8 {[%emt 0:00:
10]} 31. Rd1 {[%emt 0:00:02]} Ndf2 {[%emt 0:00:03]} 32. Rf1 {[%emt 0:00:04]}
Re1 {[%emt 0:00:04]} 33. h3 {[%emt 0:00:06]} Nxh3+ {[%emt 0:00:02]} 34. Kh1 {
[%emt 0:00:04]} Nf4 {[%emt 0:00:15]} 35. Rg1 {[%emt 0:00:09]} Rxg1+ {[%emt 0:
00:04]} 36. Kxg1 {[%emt 0:00:02]} Re1# {[%emt 0:00:03]} 0-1

[Event "DSJ Weihnachtsturnier U20w 2020"]
[Site "https://play.chessbase.com/en/play?room=DSJWeihnachtU20w"]
[Date "2020.12.29"]
[Round "2"]
[White "Göb, Franziska"]
[Black "Kube, Maja"]
[Result "1-0"]
[Termination "normal"]
[Board "11.4"]
[WhiteElo "900"]
[BlackElo "979"]
[WhiteTeam "Schachgemeinschaft Porz"]
[BlackTeam "SC Papenburg 2"]
[PlyCount "61"]
[WhiteFideId "16293177"]
[BlackFideId "16298268"]
[EventRounds "7"]
[EventType "team-swiss"]
[EventDate "2020.12.29"]

1. e4 {[%emt 0:00:05]} e5 {[%emt 0:00:05]} 2. Nf3 {[%emt 0:00:02]} Nc6 { [%emt
0:00:05]} 3. Bc4 {[%emt 0:00:02]} Bc5 {[%emt 0:00:09]} 4. c3 {[%emt 0:00: 03]}
d6 {[%emt 0:00:07]} 5. d4 {[%emt 0:00:22]} exd4 {[%emt 0:00:42]} 6. cxd4 {
[%emt 0:00:05]} Bb4+ {[%emt 0:00:10]} 7. Bd2 {[%emt 0:00:21]} Nf6 {[%emt 0:00:
39]} 8. Bxb4 {[%emt 0:00:14]} Nxb4 {[%emt 0:00:16]} 9. Nc3 {[%emt 0:00:16]} Bg4
{[%emt 0:00:36]} 10. h3 {[%emt 0:00:22]} Bh5 {[%emt 0:00:15]} 11. O-O {[%emt 0:
00:32]} O-O {[%emt 0:00:35]} 12. a3 {[%emt 0:00:30]} d5 {[%emt 0:00:48]} 13.
axb4 {[%emt 0:01:14]} dxc4 {[%emt 0:00:38]} 14. e5 {[%emt 0:00:13]} Nd5 { [%emt
0:01:26]} 15. Nxd5 {[%emt 0:00:12]} Qxd5 {[%emt 0:00:05]} 16. Re1 { [%emt
0:00:32]} f6 {[%emt 0:01:13]} 17. e6 {[%emt 0:00:51]} Rae8 {[%emt 0:00: 33]}
18. Rxa7 {[%emt 0:00:26]} Rxe6 {[%emt 0:00:30]} 19. Rxe6 {[%emt 0:00:04]} Qxe6
{[%emt 0:00:22]} 20. Rxb7 {[%emt 0:00:10]} c6 {[%emt 0:01:02]} 21. b5 { [%emt
0:00:32]} cxb5 {[%emt 0:00:07]} 22. Rxb5 {[%emt 0:00:10]} Bxf3 {[%emt 0:
00:07]} 23. Qxf3 {[%emt 0:00:08]} Qe1+ {[%emt 0:00:03]} 24. Kh2 {[%emt 0:00:06]
} Ra8 {[%emt 0:00:09]} 25. Qxa8+ {[%emt 0:00:10]} Kf7 {[%emt 0:00:05]} 26. Rb7+
{[%emt 0:00:03]} Kg6 {[%emt 0:00:02]} 27. Qg8 {[%emt 0:00:14]} f5 {[%emt 0:00:
02]} 28. Qxg7+ {[%emt 0:00:05]} Kh5 {[%emt 0:00:03]} 29. Qxh7+ {[%emt 0:00:17]}
Kg5 {[%emt 0:00:02]} 30. Rg7+ {[%emt 0:00:04]} Kf4 {[%emt 0:00:01]} 31. Qh4# {
[%emt 0:00:10]} 1-0